Cambridge preparation for the TOEFL test / (Record no. 10361)
[ view plain ]
| 000 -LEADER | |
|---|---|
| fixed length control field | 02387cam a2200433 a 4500 |
| 090 ## - LOCALLY ASSIGNED LC-TYPE CALL NUMBER (OCLC); LOCAL CALL NUMBER (OCLC) | |
| -- | 10361 |
| 001 - CONTROL NUMBER | |
| control field | 14278934 |
| 005 - DATE AND TIME OF LATEST TRANSACTION | |
| control field | 20080813184505.0 |
| 008 - FIXED-LENGTH DATA ELEMENTS--GENERAL INFORMATION | |
| fixed length control field | 060227s2006 enka 001 0 eng |
| 010 ## - LIBRARY OF CONGRESS CONTROL NUMBER | |
| LC control number | 2006042613 |
| 020 ## - INTERNATIONAL STANDARD BOOK NUMBER | |
| International Standard Book Number | 0521755840 (pbk.) |
| 020 ## - INTERNATIONAL STANDARD BOOK NUMBER | |
| International Standard Book Number | 9780521755849 (pbk.) |
| 020 ## - INTERNATIONAL STANDARD BOOK NUMBER | |
| International Standard Book Number | 9780521755849 |
| 035 ## - SYSTEM CONTROL NUMBER | |
| System control number | (OCoLC)ocm64453543 |
| 035 ## - SYSTEM CONTROL NUMBER | |
| System control number | (OCoLC)64453543 |
| 040 ## - CATALOGING SOURCE | |
| Original cataloging agency | DLC |
| Transcribing agency | DLC |
| Modifying agency | BAKER |
| -- | C#P |
| -- | YDXCP |
| -- | BTCTA |
| -- | VP@ |
| -- | DLC |
| 050 00 - LIBRARY OF CONGRESS CALL NUMBER | |
| Classification number | PE1128 |
| Item number | .G35 2006 |
| 082 00 - DEWEY DECIMAL CLASSIFICATION NUMBER | |
| Classification number | 428.0076 |
| Edition number | 22 |
| Item number | GEA |
| 100 1# - MAIN ENTRY--PERSONAL NAME | |
| Personal name | Gear, Jolene. |
| 245 10 - TITLE STATEMENT | |
| Title | Cambridge preparation for the TOEFL test / |
| Statement of responsibility, etc | Jolene Gear, Robert Gear. |
| 246 30 - VARYING FORM OF TITLE | |
| Title proper/short title | Preparation for the TOEFL test |
| 250 ## - EDITION STATEMENT | |
| Edition statement | 4th ed. |
| 260 ## - PUBLICATION, DISTRIBUTION, ETC. (IMPRINT) | |
| Place of publication, distribution, etc | Cambridge ; |
| -- | New York : |
| Name of publisher, distributor, etc | Cambridge University Press, |
| Date of publication, distribution, etc | c2006. |
| 300 ## - PHYSICAL DESCRIPTION | |
| Extent | xlii, 661 p. : |
| Other physical details | ill. ; |
| Dimensions | 28 cm. + |
| Accompanying material | 9 CD-ROM (4 3/4 in.) |
| 500 ## - GENERAL NOTE | |
| General note | Includes index. |
| 500 ## - GENERAL NOTE | |
| General note | "ibt Internet- based test"-- CD Cover. |
| 650 #0 - SUBJECT ADDED ENTRY--TOPICAL TERM | |
| Topical term or geographic name as entry element | Test of English as a Foreign Language |
| Form subdivision | Study guides. |
| 650 #0 - SUBJECT ADDED ENTRY--TOPICAL TERM | |
| Topical term or geographic name as entry element | English language |
| Form subdivision | Textbooks for foreign speakers. |
| 650 #0 - SUBJECT ADDED ENTRY--TOPICAL TERM | |
| Topical term or geographic name as entry element | English language |
| General subdivision | Examinations |
| Form subdivision | Study guides. |
| 700 1# - ADDED ENTRY--PERSONAL NAME | |
| Personal name | Gear, Robert. |
| 856 42 - ELECTRONIC LOCATION AND ACCESS | |
| Materials specified | Publisher description |
| Uniform Resource Identifier | <a href="http://www.loc.gov/catdir/enhancements/fy0633/2006042613-d.html">http://www.loc.gov/catdir/enhancements/fy0633/2006042613-d.html</a> |
| 942 ## - ADDED ENTRY ELEMENTS (KOHA) | |
| Source of classification or shelving scheme | Dewey Decimal Classification |
| Item type | Book - Borrowing |
| Withdrawn status | Item status | Source of classification or shelving scheme | Damaged status | Not for loan | Vendor | Home library | Current library | Shelving location | Date acquired | Source of acquisition | Cost, normal purchase price | Serial Enumeration / chronology | Total Checkouts | Total Renewals | Full call number | Barcode | Date last seen | Date last borrowed | Koha item type | Public note | Checked out | Materials specified (bound volume or other part) |
|---|---|---|---|---|---|---|---|---|---|---|---|---|---|---|---|---|---|---|---|---|---|---|
| Dewey Decimal Classification | Alahram | Central Library | Central Library | Second Floor | 21/01/2009 | 306.90 | 6473 | 19 | 32 | 428.0076 GEA | 000035047 | 15/07/2025 | 30/09/2021 | Book - Borrowing | ||||||||
| Dewey Decimal Classification | Alahram | Central Library | Central Library | Second Floor | 21/01/2009 | 15 | 14 | 428.0076 GEA | 000022404 | 24/08/2022 | 16/11/2017 | CD | DVD - With book | 4 CDs | |||||||||
| Dewey Decimal Classification | Alahram | Central Library | Central Library | Second Floor | 21/01/2009 | 13 | 4 | 428.0076 GEA | 000022408 | 21/05/2015 | 21/05/2015 | CD | DVD - With book | CDs 5-8 | 15/10/2015 | ||||||||
| Lost | Dewey Decimal Classification | Alahram | Central Library | Central Library | Second Floor | 21/01/2009 | 11 | 5 | 428.0076 GEA | 000022409 | 01/02/2021 | 03/04/2017 | CD | DVD - With book | Lost In Inventory_24-8-2022 | ||||||||
| Lost | Dewey Decimal Classification | Central Library | Central Library | Second Floor | 06/07/2009 | 4 | 428.0076 GEA | 000006484 | 15/09/2010 | 02/06/2010 | CD | DVD - (NB) | 4 CDs | Lost In Inventory_2015-8-23 |